| 000 | 00802nam a2200241Ia 4500 | ||
|---|---|---|---|
| 003 | GCL | ||
| 008 | 140319s9999 xx 000 0 ara d | ||
| 040 |
_aGCL / _cGCL |
||
| 082 | 0 | 4 |
_a940.1 _bدس |
| 100 | 1 | _aمحمد فتحى الشاعر | |
| 245 | 1 | 0 |
_aسبع معارك فاصلة فى العصور الوسطى / _cمحمد فتحى الشاعر |
| 700 | 1 | _aداهموس، جوزيف | |
| 260 |
_a[S.N] : _bالهيئة المصرية العامة للكتاب ، _c1992 |
||
| 300 | _a215 ص | ||
| 490 |
_aالالف كتاب الثانى _v0 |
||
| 650 | 0 | 4 | _aتاريخ |
| 650 | 0 | 4 | _aمعركة حطين |
| 650 | 0 | 4 | _aالعصور الوسطى |
| 650 | 0 | 4 | _aالعالم |
| 650 | 0 | 4 | _aمعركة اليرموك |
| 650 | 0 | 4 | _aالتاريخ الحربى الوسيط |
| 942 |
_2ddc _cBK |
||
| 999 |
_c31146 _d31146 |
||